Nová ukrajinská vojenská vozidla

Bibliographic Details
Main Author: Visingr, Lukáš, 1983- (Author)
Format: Article
Language:Czech
PhysicalDescription:Fotogr.
ISSN:1802-4823
Subjects:

MARC

LEADER 00000nab a2200000 a 4500
001 vtls010628620
003 SK-MaSNL
005 20260303232039.0
008 141016 2014 xo m p 000 0 cze
015 |a SNBRB2014/10  |2 lmaosk 
040 |a LMAOSK  |b slo  |c LMAOSK  |e AACR2 
041 |a cze 
044 |a xo  |c SK 
080 |a 623.437/.438(477)  |2 2001 
080 |a 623.438  |2 2001 
080 |a 623.421  |2 2001 
080 |a (046)  |2 2001 
100 1 |a Visingr, Lukáš,  |d 1983-  |4 aut  |9 372626 
245 1 0 |a Nová ukrajinská vojenská vozidla  |c Lukáš Visingr 
300 |b Fotogr. 
500 |a Obsahuje technické údaje 
650 0 7 |a vojenské vozidlá  |z Ukrajina  |2 LMAOSK  |9 1267727 
650 0 7 |a obrnené vozidlá  |2 SNKPH  |9 73553 
650 0 7 |a raketomety  |2 LMAOSK  |9 918818 
655 7 |a články  |2 SNKPH  |9 70601 
773 0 |t ATM  |g Roč. 46, č. 10 (2014), s. 30-33  |x 1802-4823 
852 |a LMAOSK  |b KIS3GCP 
958 |a NB 
999 |c 2269839  |d 2271769